| 000 | 01923cam a22003015a 4500 | ||
|---|---|---|---|
| 001 | 10279235 | ||
| 005 | 20160908135854.0 | ||
| 008 | 121023t2013 ilua frb 001 0 eng d | ||
| 020 | _a9780867155860 | ||
| 020 | _a0867155868 | ||
| 035 | _a(OCoLC)814440868 | ||
| 040 |
_aDNLM/DLC _beng _cDLC _dNLM _dYDXCP _dBTCTA _dPAU _dOCLCO _dEG-ScBUE |
||
| 082 | 0 | 4 |
_a617.522 _222 _bTRE |
| 245 | 0 | 0 |
_aTreatment of TMDs : _bbridging the gap between advances in research and clinical patient management / _cedited by Charles S. Greene and Daniel M. Laskin. |
| 246 | 1 | _aTreatment of temporomandibular disorders | |
| 260 |
_aHanover Park : _bQuintessence Publishing, _cc.2013. |
||
| 300 |
_axii, 204 p. : _bill. (some col.) ; _c29 cm. |
||
| 500 | _aIndex : p. 197-204. | ||
| 504 | _aIncludes bibliographical references. | ||
| 505 | 0 | _aSensory mechanisms of orofacial pain -- Pathophysiology of masticatory myofascial pain -- Pathophysiology of intracapsular inflammation and degeneration -- Comorbid conditions : how they affect orofacial pain -- How sleep and pain affect each other -- Genetic determinants of complex orofacial pain conditions -- Quantitative sensory testing of pain responsiveness -- Predicting treatment responsiveness : somatic and psychologic factors -- Biomechanics and mechanobiology of the TMJ -- Finite element analysis of the TMJ -- TMJ lubrication -- Imaging the TMJ and associated structures -- Brain imaging of pain phenomena -- Synovial fluid assay and biomarkers of TMJ disease -- Tissue engineering for the TMJ -- Injectable compounds to treat TMJ pain and degenerative joint disease -- Pharmacologic management of TMD pain. | |
| 650 | 7 |
_aTemporomandibular joint _xDiseases _xTreatment. _2BUEsh _937680 |
|
| 651 | _2BUEsh | ||
| 653 |
_bDDent _cSeptember2016 |
||
| 700 | 1 |
_aGreene, Charles S. _c(Orthodontist), _eeditor. |
|
| 700 | 1 |
_aLaskin, Daniel M., _d1924- _eeditor. |
|
| 942 | _2ddc | ||
| 999 |
_c22353 _d22325 |
||